000 01015 a2200241 4500
005 20260319161430.0
008 260319b |||||||| |||| 00| 0 eng d
020 _a9789357757058 (hbk)
037 _cTB
040 _aCRL
_cCRL
041 _2hin
_ahin
084 _aO152,1N276x R4
_qCRL
100 _aनारायण, कुँवर
_9860620
245 _aवाजश्रवा के बहाने
250 _a5वां संस्करण
260 _bभारतीय ज्ञानपीठ,
_c2024.
_aनयी दिल्ली, भारत:
300 _a159पृ.
365 _b395.00
_cINR
490 _3लोकोदय ग्रंथमाला: ग्रंथांक 937
650 _aहिन्दी कविता
942 _cTB
_2CC
_e5वां संस्करण
_hO152,1N276x R4
999 _c1466682
_d1466682